00332nam a2200097 45000820016000002450162000162600017001783000010001959420012002059990017002170 a 370.71 REP10aReport of the Regional seminar for the training of literacy consultants:bAn experience in multilateral cooperation for the advancement of literacy in Africa aDallasc1988 aP. 56 2ddccBK c64374d64348